Constelaciones familiares : las raíces del amor : cómo entender el amor para descubrir el camino de la libertad /

Enregistré dans:
Détails bibliographiques
Auteur principal: Liebermeister, Svagito R. (autor)
Format: Livre
Langue:espagnol
Publié: Madrid, España : Gulaab, 2016, c2014
Sujets:
Tags: Ajouter un tag
Pas de tags, Soyez le premier à ajouter un tag!

MARC

LEADER 00000nam^a2200000^a^4500
001 000437961
005 20250521000000.0
009 20260310123234.549
020 |a 978-84-86797-25-6 
037 |a Acervo ITESO - Biblioteca 
041 |a ESP 
082 |a 616. 89156  |b LIE 
100 |a Liebermeister, Svagito R.  |e (autor) 
245 1 0 |a Constelaciones familiares :  |b las raíces del amor : cómo entender el amor para descubrir el camino de la libertad /  |c S.R. Liebermeister ; tr. por María del Mar Cañas. 
264 4 |a Madrid, España :  |b Gulaab,  |c 2016, c2014 
300 |a 348 p. 
336 |a texto  |b txt  |2 rdacontenido 
337 |a sin mediación  |b n  |2 rdamedio 
338 |a volumen  |b nc  |2 rdasoporte 
500 |a Traducción de: The Roots of Love: A Guide 
521 |a FIL 2021 DIA 
649 |a XX 
650 |a Familia -  |x Condiciones Psicológicas 
650 |a Amor -  |x Aspectos Psicológicos 
650 |a Constelaciones Familiares -  |x Tema Principal 
650 |a Psicopatología 
650 |a Terapia Centrada en la Solución 
650 |a Terapia Sistémica 
650 |a Psicoterapia Grupal 
650 |a Psicoterapia 
650 |a Psicología Clínica 
910 |a Fondo General 
920 |a Impresos - Libros 
930 |a Colección General 
905 |a 101 
901 |a 0500356916  |b IT1  |c ACC  |i C177040  |u 20250521 
902 |a https://opac.biblio.iteso.mx/vufind/Record/000437961